| 000 | 00435nam a22001817a 4500 | ||
|---|---|---|---|
| 003 | MPLRDC | ||
| 005 | 20220104142856.0 | ||
| 008 | 210129b ||||| |||| 00| 0 eng d | ||
| 082 | _a490.7 MDBZ | ||
| 100 | _a美都部占 | ||
| 245 |
_a起死回生营商法 _c高威译 |
||
| 250 | _a再版 | ||
| 260 |
_a _b世一书局 _c1980 |
||
| 300 | _b平 | ||
| 490 | _a经商人丛书 | ||
| 650 | _a商学总论 | ||
| 942 |
_cBK _o490.7 MDBZ |
||
| 999 |
_c34443 _d34433 |
||